<?xml version="1.0" encoding="UTF-8"?>
<marc:record xmlns:marc="http://www.loc.gov/MARC21/slim">
   <marc:leader>00000nam a2200000 a 4500</marc:leader>
   <marc:datafield ind1="1" ind2=" " tag="100">
      <marc:subfield code="a">Einhorn Glitzerglück, Eine Party für Rosalie, Lauf</marc:subfield>
      <marc:subfield code="4">aut</marc:subfield>
      <marc:subfield code="e">Verfasser/-in</marc:subfield>
   </marc:datafield>
   <marc:datafield ind1="0" ind2="0" tag="245">
      <marc:subfield code="a">Einhorn Glitzerglück, Eine Party für Rosalie, Laufspiel</marc:subfield>
   </marc:datafield>
   <marc:datafield ind1="0" ind2="0" tag="245">
      <marc:subfield code="b">ein kooperatives Lauf- und Sammelspiel!</marc:subfield>
   </marc:datafield>
   <marc:datafield ind1=" " ind2="1" tag="264">
      <marc:subfield code="b">Haba Sales GmbH &amp; Co. KG</marc:subfield>
      <marc:subfield code="c">2021</marc:subfield>
   </marc:datafield>
   <marc:datafield ind1="1" ind2=" " tag="520">
      <marc:subfield code="a">Juhu, ein neuer Bewohner kommt ins Wolkenland! Die Einhörner Glitzerglück, Sternenstaub, Wunderblume und Zauberwirbel wollen dem kleinen Einhornkind Rosalie einen tollen Empfang bereiten und schmeißen eine riesige Willkommensparty. Wer hilft den Einhörnern, findet alle Freunde und sammelt mit ihnen die großen Wolkenkristalle? Doch Beeilung, denn es soll alles fertig sein, bevor Rosalie auf der Partywolke ankommt.</marc:subfield>
   </marc:datafield>
</marc:record>
